[Event "VIE-ch (Women)"]
[Site "Hanoi"]
[Date "2024.03.15"]
[Round "7"]
[White "Nguyen, Ngoc Thao Nguyen"]
[Black "Pham, Thi Minh Ngoc"]
[Result "1/2-1/2"]
[WhiteElo "1498"]
[BlackElo "1690"]
[PlyCount "78"]
[EventDate "2024.03.11"]
[EventType "swiss"]
[EventRounds "9"]
[EventCountry "VIE"]
[SourceTitle "CBM 219 Extra"]
[Source "ChessBase"]
[SourceDate "2024.05.31"]
[SourceVersion "1"]
[SourceVersionDate "2024.05.31"]
[SourceQuality "1"]

1. e4 c5 2. Nf3 d6 3. d4 cxd4 4. Nxd4 Nf6 5. Nc3 Nc6 6. f3 e5 7. Nb3 Be6 8. Be3 Be7 9. Qd2 0-0 10. 0-0-0 Rb8 11. g4 a5 12. Bb5 Rc8 13. h4 Qc7 14. h5 Rfd8 15. g5 Ne8 16. g6 Nf6 17. h6 fxg6 18. hxg7 Kxg7 19. Bg5 Kg8 20. Bxf6 Bxf6 21. Nd5 Qf7 22. Bxc6 bxc6 23. Nxf6+ Qxf6 24. Nxa5 Rd7 25. Rdf1 d5 26. Nb3 Qe7 27. Qh2 dxe4 28. fxe4 Bxb3 29. cxb3 c5 30. Rfg1 Rc6 31. Kb1 Rcd6 32. Qc2 Rd4 33. Rd1 Rxd1+ 34. Rxd1 Rxd1+ 35. Qxd1 Kg7 36. a4 h5 37. a5 h4 38. Qg4 Qf6 39. Qe2 Qc6 1/2-1/2

[Event "Asia-ch U10 Girls"]
[Site "Al Ain"]
[Date "2023.12.20"]
[Round "8"]
[White "Zavivaeva, Angelina"]
[Black "Nguyen, Ngoc Thao Nguyen"]
[Result "0-1"]
[WhiteElo "1166"]
[BlackElo "1126"]
[PlyCount "108"]
[EventDate "2023.12.14"]
[EventType "swiss"]
[EventRounds "9"]
[EventCountry "UAE"]
[SourceTitle "EXT 2025"]
[Source "ChessBase"]
[SourceDate "2024.10.14"]
[SourceVersion "1"]
[SourceVersionDate "2024.10.14"]
[SourceQuality "1"]

1. e4 c5 2. Nf3 d6 3. d4 cxd4 4. Nxd4 Nf6 5. Nc3 g6 6. Be3 Bg7 7. f3 Nc6 8. Qd2 0-0 9. 0-0-0 Nxd4 10. Bxd4 Be6 11. g4 Qa5 12. Kb1 Rfc8 13. h4 h5 14. gxh5 Rxc3 15. Qxc3 Qxa2+ 16. Kc1 Bh6+ 17. Be3 Rc8 18. Qxc8+ Bxc8 19. Bxh6 Nxh5 20. Be3 Qa1+ 21. Kd2 Qxb2 22. Bxa7 Qb4+ 23. c3 Qb2+ 24. Ke3 Qxc3+ 25. Bd3 Qa5 26. Bd4 e5 27. Ba1 Qc5+ 28. Kd2 Qf2+ 29. Be2 Ng3 30. Rhe1 Nxe2 31. Rxe2 Qxf3 32. Ree1 Qf4+ 33. Kc3 Qxh4 34. Re3 Qf4 35. Rde1 Qf6 36. Bb2 Qe7 37. Ba3 Qc7+ 38. Kb2 Be6 39. R1e2 Qb6+ 40. Kc2 Bc4 41. Re1 d5 42. exd5 Bxd5 43. Bb2 f6 44. Bc3 Qb3+ 45. Kd2 Qa2+ 46. Kc1 b5 47. R1e2 Qc4 48. Rb2 Qc5 49. Kd2 Bc4 50. Rf3 Qd5+ 51. Ke3 f5 52. Rg2 Qe4+ 53. Kf2 Qe2+ 54. Kg3 f4+ 0-1